01059cam a2200289 450000100060000000300080000600500170001400800410003103500190007204000360009104100080012708200200013511000230015524501770017824600580035524600510041325000130046426000340047730000730051150000270058450400200061165100230063165100260065465100230068065100270070370000390073023177BD-RJUL20211209000912.0140310s1955 enkabe 001 0 eng d a(BD-RJUL)23242 aUKMGBbengcUKMGBdOCLCQdUkOxU aeng a915.4bHAN 19552 aJohn Murray (Firm)12aA handbook for travellers in India and Pakistan, Burma and Ceylon :bincluding the Portuguese and French possessions and the Indian states /c[revised by Sir Gordon Hearn].14aMurray's hand book : India, Pakistan, Burma & Ceylon.18aHandbook for India, Pakistan, Burma and Ceylon a17th ed. aLondon :bJohn Murray,c1955. acxxiv. 631 p. :bill., maps (part fold., part col.), plans ;c19 cm. a1 fold. map in pocket. aIncludes index. 0aIndiavGuidebooks. 0aPakistanvGuidebooks. 0aBurmavGuidebooks. 0aSri LankavGuidebooks.1 aHearn, Gordon Risley,cSir,d1871-